000 00360pab a2200157 454500
008 180718b1998 xxu||||| |||| 00| 0 eng d
100 _aSen, Sanker
245 _aPolice brutality in perspective
260 _c1998
300 _ap.148-50
362 _aApr-Jun
650 _aPolice - India
650 _aPolice
773 _aPolice Journal
909 _a38144
999 _c38144
_d38144